Reintegráció a fogvatartottak körében

Bibliográfiai részletek
Szerző: Keszler Nikolett
További közreműködők: Farkas Dr. Julianna
Dokumentumtípus: Diplomadolgozat
Kulcsszavak:börtönpedagógia
börtönügy
fogvatartott
reintegráció
reszocializáció
Online Access:http://dolgozattar.uni-bge.hu/59965

MARC

LEADER 00000nta a2200000 i 4500
001 dolg59965
005 20260409145816.0
008 260409suuuu hu om 000 hun d
040 |a BGE Dolgozattár Repozitórium  |b hun 
041 |a hu 
100 1 |a Keszler Nikolett 
245 1 0 |a Reintegráció a fogvatartottak körében  |c Keszler Nikolett  |h [elektronikus dokumentum] 
520 3 |a Szakdolgozatom fő témája a fogvatartottak reszocializációja érdekében alkalmazható eszközök, lehetőségeik és társadalmi helyzetük Magyarországon. Célom a börtönpedagógia, mint kialakítandó szakma szükségességének érzékeltetése. Ehhez elsőkörben felmértem a büntetés-végrehajtási intézmények helyzetét és a bennük folyó oktatást, illetve különféle nevelői munkát. Majd megvizsgáltam az ember szocializációjának folyamatát és megismertem a reszocializáció különböző eszközeit. Bemutattam a börtönpedagógia, mint fogalom sajátosságait és a büntetés-végrehajtási intézményekben való eszközölését. Kutatásomhoz egy kérdőíves felmérést végeztem, amelyben a társadalom viszonyát ismertem meg a témával kapcsolatban. Emellett a Váltósáv Alapítvány szakmai vezetőjével készítettem egy interjút, melynek segítségével gyakorlati tapasztalatokon keresztül sikerült bemutatnom a fogvatartottak körülményeit, lehetőségeit mind a börtönben, mind a szabadulásukat követően. A kutatásom végére arra az eredményre jutottam, hogy a fogvatartottak sok esetben szocializációs problémával küzdenek, illetve kevés motivációval rendelkeznek, ami akár visszaesést is eredményezhet a bűnözői életmód irányába. Ezen segíthetne a börtönpedagógus, aki a tanult reszocializációs eszközökkel tudná segíteni őket. 
695 |a börtönpedagógia 
695 |a börtönügy 
695 |a fogvatartott 
695 |a reintegráció 
695 |a reszocializáció 
700 1 |a Farkas Dr. Julianna  |e ths 
856 4 0 |u http://dolgozattar.uni-bge.hu/59965/1/Szakdolgozat_Keszler%20Nikolett_DZO56G.pdf  |z Dokumentum-elérés 
856 4 0 |u http://dolgozattar.uni-bge.hu/59965/2/Keszler%20Nikolett%20b%C3%ADr%C3%A1lat%20Farkas.pdf  |z Dokumentum-elérés 
856 4 0 |u http://dolgozattar.uni-bge.hu/59965/3/Keszler_Nikolett_KSZ_szok%C3%A1cskinga.pdf  |z Dokumentum-elérés